Szolgáltatások változása a légi közlekedésben Európában
| Szerző: | |
|---|---|
| További közreműködők: | |
| Dokumentumtípus: | Diplomadolgozat |
| Kulcsszavak: | Légiközlekedés Jogi szabályozás, légiközlekedés Légitársaság, diszkont British Airways Ryanair Elemzés, összehasonlító |
| Online Access: | http://dolgozattar.uni-bge.hu/59423 |
MARC
| LEADER | 00000nta a2200000 i 4500 | ||
|---|---|---|---|
| 001 | dolg59423 | ||
| 005 | 20260115143541.0 | ||
| 008 | 260115suuuu hu om 000 hun d | ||
| 040 | |a BGE Dolgozattár Repozitórium |b hun | ||
| 041 | |a hu | ||
| 100 | 1 | |a Wyszoczky Nóra | |
| 245 | 1 | 0 | |a Szolgáltatások változása a légi közlekedésben Európában |c Wyszoczky Nóra |h [elektronikus dokumentum] |
| 695 | |a Légiközlekedés | ||
| 695 | |a Jogi szabályozás, légiközlekedés | ||
| 695 | |a Légitársaság, diszkont | ||
| 695 | |a British Airways | ||
| 695 | |a Ryanair | ||
| 695 | |a Elemzés, összehasonlító | ||
| 700 | 1 | |a Petykó Dr. Csilla |e ths | |
| 856 | 4 | 0 | |u http://dolgozattar.uni-bge.hu/59423/1/Wyszoczky-Nora.pdf |z Dokumentum-elérés |